Discurso pronunciado por el muy honorable Sir Edward Grey ... en el Salón Bechstein, Londres, el lunes 22 de marzo de 1915. (Record no. 75553)

MARC details
000 -LEADER
campo de control de longitud fija 00610nam a2200169 i 4500
001 - NÚMERO DE CONTROL
campo de control 75553
003 - IDENTIFICADOR DE NÚMERO DE CONTROL
campo de control ES-MaACL
005 - FECHA Y HORA DE LA ÚLTIMA TRANSACCIÓN
campo de control 20230906172514.0
007 - CAMPO FIJO DE DESCRIPCIÓN FÍSICA--INFORMACIÓN GENERAL
campo de control de longitud fija t|
008 - DATOS DE LONGITUD FIJA--INFORMACIÓN GENERAL
campo de control de longitud fija 160603q1915 xxk ||||1| spa d
100 1# - ENTRADA PRINCIPAL--NOMBRE DE PERSONA
Nombre de persona Grey de Fallodon, Edward Grey
Títulos y otros términos asociados al nombre Vizconde (
Fechas asociadas al nombre 1862-1933)
9 (RLIN) 59971
245 10 - MENCIÓN DEL TÍTULO
Título Discurso pronunciado por el muy honorable Sir Edward Grey ... en el Salón Bechstein, Londres, el lunes 22 de marzo de 1915.
260 ## - PUBLICACIÓN, DISTRIBUCIÓN, ETC.
Lugar de publicación, distribución, etc. Paris ;
-- Edimburgo ... [etc.] :
Nombre del editor, distribuidor, etc. Thomas Nelson & Sons,
Fecha de publicación, distribución, etc. [1915]
300 ## - DESCRIPCIÓN FÍSICA
Extensión 16 p. ;
Dimensiones 17 cm.
650 04 - PUNTO DE ACCESO ADICIONAL DE MATERIA--TÉRMINO DE MATERIA
Término de materia o nombre geográfico como elemento de entrada Guerra mundial, 1914-1918.
9 (RLIN) 13212
852 ## - LOCALIZACIÓN
Ubicación ES-MaACL
Número de control de estantería 1578-F-4
Holdings
Estatus retirado Estado de pérdida Estado de daño No para préstamo Colección Biblioteca de origen Biblioteca actual Ubicación en estantería Fecha de adquisición Fuente de adquisición Total de préstamos Signatura topográfica completa Código de barras Visto por última vez Precio de reemplazo Tipo de ítem Koha
        Colección de folletos Biblioteca del Ateneo de Madrid Biblioteca del Ateneo de Madrid Depósito folletos 03/06/2016     1578-F-4 1195366 23/02/2023 23/02/2023 Folleto